Jurp̕olis

Detalles Bibliográficos
Formato: Desconocido
Lenguaje:español
Publicado: Mx̌ico : Tecnolg̤ico de Monterrey
Materias:
Acceso en línea:Acceso restringido

MARC

LEADER 00000ny a22000003n 4500
005 20110513125157.0
008 071017c20059999mx mr pss 0 a0spa d
035 |a 5043 
040 |a BUS  |d vLex 
090 |c 1874  |d 1874 
245 0 0 |a Jurp̕olis  |h [Recurso electrn̤ico] 
256 |a Servicio en ln̕ea 
260 |a Mx̌ico :  |b Tecnolg̤ico de Monterrey  
310 |a Semestral 
506 1 |a Contenido solo disponible en los productos indicados  |d vLex Global  |d vLex Global (Academic Edition, excluding Law Schools)  |d vLex Global (U.S. Academic Edition, Law Schools)  |d vLex Global (U.S. Academic Edition, excluding Law Schools)  |d vLex Global (Academic Edition, Law Schools) 
650 0 4 |a Ciencia polt̕ica  |x Publicaciones perid̤icas 
650 0 4 |a Derecho  |x Publicaciones perid̤icas 
740 0 |a vLex Revista (Servicios en ln̕ea) 
843 |a Electrn̤ica. Abierta 
853 |8 1  |i (year)  |j (month)  |k (day) 
856 4 |u http://vlex.com/source/5043  |z Acceso restringido 
942 |c REV